000 00414nam a2200169Ia 4500
003 LK-CoDNM
008 010623t1901 xxu||||| |||| 00| 1 sin d
040 _aLK-CoDNM
_dLK-CoDNM
_eLK-CoDNM
041 _asin
080 _a104 J.1
245 _aසුධර්මලෝකය
246 _aSudharmalokaya
260 _bMudra
_aKollupitiya
_c1901
300 _b8p., 27 cm
650 _aBible Science
942 _cBK
999 _c85317
_d85317